[Event "Johor op-A 7th"]
[Site "Johor"]
[Date "2022.12.29"]
[Round "6"]
[White "Masli, Muhd Nur Daie"]
[Black "Ibanez, Rudy"]
[Result "1/2-1/2"]
[WhiteElo "1741"]
[BlackElo "2170"]
[PlyCount "99"]
[EventDate "2022.12.26"]
[EventType "swiss"]
[EventRounds "9"]
[EventCountry "MAS"]
[SourceTitle "CBM 212 Extra"]
[Source "ChessBase"]
[SourceDate "2023.03.31"]
[SourceVersion "1"]
[SourceVersionDate "2023.03.31"]
[SourceQuality "1"]

1. e4 c5 2. Nf3 a6 3. c4 Nc6 4. d4 cxd4 5. Nxd4 Nf6 6. Nc3 e5 7. Nf5 d5 8. cxd5 Bxf5 9. exf5 Nd4 10. Bg5 Nxf5 11. Bxf6 gxf6 12. Bd3 Nd4 13. 0-0 Bd6 14. Ne2 Nxe2+ 15. Qxe2 Qa5 16. Qf3 Ke7 17. Bf5 h5 18. a3 h4 19. h3 Rhg8 20. Qe4 Rg5 21. f4 Qb6+ 22. Kh1 Rg3 23. fxe5 Bxe5 24. d6+ Kf8 25. d7 Rd8 26. Rac1 Ke7 27. Rc2 Rb3 28. Qxh4 Rxb2 29. Rc8 Qb5 30. Re1 Qd5 31. Qg4 Qa5 32. Rec1 Qd2 33. Rd1 Qf4 34. Qxf4 Bxf4 35. Re1+ Be5 36. Rec1 Rxd7 37. Bxd7 Kxd7 38. h4 Bf4 39. Rf1 Kxc8 40. Rxf4 Rb6 41. h5 Rb5 42. g4 Rg5 43. Kh2 f5 44. Rxf5 Rxg4 45. Kh3 Rg7 46. Kh4 Kd7 47. h6 Rh7 48. Kh5 Ke6 49. Rf2 Rh8 50. Re2+ 1/2-1/2

[Event "Johor op-A 7th"]
[Site "Johor"]
[Date "2022.12.26"]
[Round "1"]
[White "Juhar, Muhd Luqman"]
[Black "Masli, Muhd Nur Daie"]
[Result "1-0"]
[WhiteElo "1185"]
[BlackElo "1741"]
[PlyCount "65"]
[EventDate "2022.12.26"]
[EventType "swiss"]
[EventRounds "9"]
[EventCountry "MAS"]
[SourceTitle "CBM 212 Extra"]
[Source "ChessBase"]
[SourceDate "2023.03.31"]
[SourceVersion "1"]
[SourceVersionDate "2023.03.31"]
[SourceQuality "1"]

1. e4 c5 2. Nf3 e6 3. Nc3 a6 4. d4 cxd4 5. Nxd4 Qc7 6. g3 Bb4 7. Bd2 Nc6 8. Nxc6 dxc6 9. Qg4 g6 10. Bd3 e5 11. Qf3 Be6 12. 0-0 Be7 13. Rad1 Nf6 14. Qg2 0-0 15. f4 exf4 16. Rxf4 Rfd8 17. Rdf1 Nh5 18. R4f3 Qd7 19. Re1 c5 20. Nd5 Bxd5 21. exd5 Bd6 22. g4 Ng7 23. Bg5 Re8 24. Ref1 Be5 25. Rxf7 Qxf7 26. Rxf7 Kxf7 27. Qf2+ Kg8 28. Qxc5 Bxb2 29. Qb6 Bc3 30. d6 Ne6 31. Qb3 Bd4+ 32. Kg2 Kg7 33. Qxb7+ 1-0